Atualidades e redação (Record no. 67265)

MARC details
000 -LÍDER
campo de controle de tamanho fixo 00339 a2200133 4500
001 - NÚMERO DE CONTROLE
campo de controle 67265
040 ## - FONTE DA CATALOGAÇÃO
Instituição que transcreveu o registro Anchieta - Pituba
100 ## - ENTRADA PRINCIPAL--NOME PESSOAL
Nome pessoal Tânia Antunes Dourado
240 10 - TÍTULO UNIFORME
Título uniforme Atualidades e redação
Idioma da obra por
245 10 - TÍTULO
Título Atualidades e redação
300 ## - DESCRIÇÃO FÍSICA
Extensão 85
650 #4 - ASSUNTO--TERMO TÓPICO
Cabeçalho tópico ou nome geográfico . Vestibulares / Exames de admissão em universidades
942 ## - ELEMENTOS DE ENTRADA ADICIONADOS (KOHA)
Tipo de material Koha Livros
Holdings
Situação do descarte Situação das perdas Situação física Não pode ser emprestado Biblioteca de origem Biblioteca atual Data de aquisição Total de empréstimos Número de chamada completo Código de barras Data de último acesso Data do preço efetivo Tipo de material Koha
        Colégio Anchieta - Pituba Colégio Anchieta - Pituba 21/11/2023   378.161 A883a ATU 22132/PIT 21/11/2023 21/11/2023 Livros